Statistics for Transformers Robots in Disguise 2015 characters

Click here to take the quiz!

General Stats

  • This quiz has been taken 249 times
  • The average score is 14 of 25

Answer Stats

HintAnswer% Correct
Earth Autobot team leaderBumblebee
97%
Autobot leaderOptimus Prime
97%
DinobotGrimlock
90%
Autobot rebel/bad boySideswipe
87%
Autobot cadetStrongarm
84%
Autobot bounty hunterDrift
79%
Alchemor MiniconFixit
74%
Decepticon leaderSteeljaw
73%
Cool and collected AutobotJazz
70%
Autobot flierWindblade
69%
MiniconSlipstream
61%
MiniconJetstorm
57%
Decepticon strengthThunderhoof
56%
Decepticon ChompazoidUnderbite
54%
Decepticon bounty hunterFracture
51%
HumanDenny
50%
Decepticon scumbagClampdown
46%
HumanRussell
40%
ThirteenMegatronus
38%
MiniconDivebomb
33%
ThirteenMicronus
33%
HumanHank
30%
MiniconAirazor
29%
DinobotScowl
22%
ThirteenVector Prime
16%

Score Distribution

Percentile by Number Answered

Percent of People with Each Score

Your Score History

You have not taken this quiz